| 000 | 00499nam a2200193Ia 4500 | ||
|---|---|---|---|
| 003 | OSt | ||
| 005 | 20220926044627.0 | ||
| 006 | a|||||r|||| 00| 0 | ||
| 007 | ta | ||
| 008 | 220923b |||||||| |||| 00| 0 eng d | ||
| 037 | _cGeneral Book | ||
| 040 |
_aRTL _cRTL _beng |
||
| 041 |
_2eng _aeng |
||
| 082 | _aX:9p2, N3, K1/GD | ||
| 245 | 0 | _aIndian, Labour Conference 19th session, Bangalore | |
| 260 | _c1961 | ||
| 942 |
_hX:9p2, N3, K1/GD _cGB _2CC |
||
| 999 |
_c675371 _d675371 |
||